Concise routledge encyclopedia of philosophy

Salvato in:
Dettagli Bibliografici
Natura: Libro
Lingua:inglese
Pubblicazione: London and New York : Routledge, 2000
Edizione:1. vyd.
Soggetti:
Tags: Aggiungi Tag
Nessun Tag, puoi essere il primo ad aggiungerne!!

MARC

LEADER 00000nam a22000003a 4500
001 stu56151
005 20150408175750.1
008 010119s2000----uk------------------eng-d
020 |a 0-415-22364-4 
040 |a STU  |b slo 
041 0 |a eng 
044 |a uk 
080 |a 101(031) 
245 |a Concise routledge encyclopedia of philosophy 
250 |a 1. vyd. 
260 |a London and New York :  |b Routledge,  |c 2000 
300 |a 1030 s 
650 7 |a filozofia  |2 stusub 
996 |b 284M023514  |c M*10629-1  |l MMKN  |s A  |a 24  |w stu56151_0001